Vista normal
Vista MARC
Entrada Meeting Name
Número de registros utilizados en: 1
001 - CONTROL NUMBER
- control field: 6782
003 - CONTROL NUMBER IDENTIFIER
- control field: OSt
005 - DATE AND TIME OF LATEST TRANSACTION
- control field: 20200707142612.0
008 - FIXED-LENGTH DATA ELEMENTS
- fixed length control field: 200707|| aca||aabn | a|a d
040 ## - CATALOGING SOURCE
- Original cataloging agency: OSt
- Transcribing agency: OSt
111 ## - HEADING--MEETING NAME
- Meeting name or jurisdiction name as entry element: Reunión Anual de la Asamblea de Gobernadores
- Number of part/section/meeting: (25° :
- Date of meeting or treaty signing: 1984 :
- Location of meeting: Punta del Este)
670 ## - SOURCE DATA FOUND
- Source citation: Work cat.: (OSt)4359: Reunión Anual de la Asamblea de Gobernadores (25° : 1984 : Punta del Este), Mesa redonda sobre la deuda externa de América Latina /, 1984